| 000 | 01379nam a2200241Ii 4500 | ||
|---|---|---|---|
| 008 | 221202s xx 000 0 und d | ||
| 100 | 1 |
_aWong, Deborah, _eauthor |
|
| 245 | 0 | _aLouder and Faster | |
| 246 | _aPain, Joy, and the Body Politic in Asian American Taiko | ||
| 264 | 1 |
_aOakland _bUniversity of California Press _c2019 |
|
| 300 | _a1 online resource (293 pages) | ||
| 336 |
_atext _btxt _2rdacontent |
||
| 337 |
_acomputer _bc _2rdamedia |
||
| 338 |
_aonline resource _bcr _2rdacarrier |
||
| 520 | _aLouder and Faster is a study of taiko in California, focused on the play of sound, performance, identity, ethnicity, race, gender, and politics. Wong explores taiko as a music/dance art form that creates spaces in which memories of the WW2 Japanese American incarceration, Asian American identity, and a desire to be seen/heard intersect with global capitalism, the complications of mediation, and legacies of imperialism. Based on two decades of participatory ethnographic work, the book offers a vivid glimpse of an Asian American presence both loud and fragile. | ||
| 653 | _aAsian American | ||
| 653 | _aDance | ||
| 653 | _aJapanese American | ||
| 653 | _aMusic | ||
| 653 | _aTaiko | ||
| 856 | _uhttps://library.oapen.org/bitstream/20.500.12657/24703/1/louder-and-faster.pdf10.1525/luminos.71http://library.oapen.org/handle/20.500.12657/24703 | ||
| 942 | _cE-BOOK | ||
| 999 |
_c63799 _d63799 |
||